00427nam a2200121Ia 4500008004100000082002400041100001900065245005600084260004700140365000600187630005600193730005600249100415s9999 xx 000 0 und d b15504a584.9(54558) aVaralakshmi V aSystems of Bhabbr Grass Lease Management In Haryana aNEW DELHIc1993bHARYANA FOREST DEPARTMENT b0 aSystems of Bhabbr Grass Lease Management In Haryana aSystems of Bhabbr Grass Lease Management In Haryana